000 00555nam a22002177a 4500
003 OSt
005 20140312103020.0
008 121109t xxu||||| |||| 00| 0 eng d
020 _a0439120705
050 _aPZ 7
_b.Al374 2000
100 _aAlexander, Francie
_930209
245 _aDots! Dots! Dots!
_bat the Museum
_cFrancie Alexander
260 _aNew York :
_bScholastic Inc.,
_c2000.
300 _a16 p. :
_bcol. ill. ;
_c26 cm.
521 _aG2
526 _c400
942 _2lcc
_cBK
999 _c42520
_d42520